PID Control in the Third Millennium Lessons Learned and New Approaches /

The early 21st century has seen a renewed interest in research in the widely-adopted proportional-integral-derivative (PID) controllers. PID Control in the Third Millennium provides an overview of the advances made as a result. Featuring: ·        new approaches for controller tuning; ·        contr...

Full description

Bibliographic Details
Corporate Author: SpringerLink (Online service)
Other Authors: Vilanova, Ramon (Editor), Visioli, Antonio (Editor)
Format: Electronic eBook
Language:English
Published: London : Springer London, 2012.
Series:Advances in Industrial Control,
Subjects:
Online Access:Full Text via HEAL-Link
LEADER 04085nam a22004695i 4500
001 978-1-4471-2425-2
003 DE-He213
005 20151031071130.0
007 cr nn 008mamaa
008 120203s2012 xxk| s |||| 0|eng d
020 |a 9781447124252  |9 978-1-4471-2425-2 
024 7 |a 10.1007/978-1-4471-2425-2  |2 doi 
040 |d GrThAP 
050 4 |a TJ212-225 
072 7 |a TJFM  |2 bicssc 
072 7 |a TEC004000  |2 bisacsh 
082 0 4 |a 629.8  |2 23 
245 1 0 |a PID Control in the Third Millennium  |h [electronic resource] :  |b Lessons Learned and New Approaches /  |c edited by Ramon Vilanova, Antonio Visioli. 
264 1 |a London :  |b Springer London,  |c 2012. 
300 |a XIV, 602 p.  |b online resource. 
336 |a text  |b txt  |2 rdacontent 
337 |a computer  |b c  |2 rdamedia 
338 |a online resource  |b cr  |2 rdacarrier 
347 |a text file  |b PDF  |2 rda 
490 1 |a Advances in Industrial Control,  |x 1430-9491 
505 0 |a PID Tuning -- Model-based PID Tuning -- Tuning Rules for Integral and Unstable Systems -- Robust Tuning of PID Controllers -- PID Tuning for Smooth Control -- PID Control of MIMO Processes -- Feedforward plus PID Control -- PID-based Control Structures -- Robust Multivariable PID Controller Design -- Identification for PID Control -- Design based on the Characterization of all Stabilizing PID Controllers -- Fragility Evaluation of PID Controller Tuning Rules -- Performance Assessment for PID Control -- Industrial Applications of PID Control -- Fractional-order PID Control -- Nonlinearisation of PID Control -- Data-driven PID Control -- Predictive Control Approach for PID Controller Design. 
520 |a The early 21st century has seen a renewed interest in research in the widely-adopted proportional-integral-derivative (PID) controllers. PID Control in the Third Millennium provides an overview of the advances made as a result. Featuring: ·        new approaches for controller tuning; ·        control structures and configurations for more efficient control; ·        practical issues in PID implementation; and ·        non-standard approaches to PID including fractional-order, event-based, nonlinear, data-driven and predictive control; the nearly twenty chapters provide a state-of-the-art resumé of PID controller theory, design and realization. Each chapter has specialist authorship and ideas clearly characterized from both academic and industrial viewpoints. Advances in Industrial Control aims to report and encourage the transfer of technology in control engineering. The rapid development of control technology has an impact on all areas of the control discipline. The series offers an opportunity for researchers to present an extended exposition of new work in all aspects of industrial control.   PID Control in the Third Millennium is of interest to academics requiring a reference for the current state of PID-related research and a stimulus for further inquiry. Industrial practitioners and manufacturers of control systems with application problems relating to PID will find this to be a practical source of appropriate and advanced solutions. Advances in Industrial Control aims to report and encourage the transfer of technology in control engineering. The rapid development of control technology has an impact on all areas of the control discipline. The series offers an opportunity for researchers to present an extended exposition of new work in all aspects of industrial control. 
650 0 |a Engineering. 
650 0 |a System theory. 
650 0 |a Control engineering. 
650 1 4 |a Engineering. 
650 2 4 |a Control. 
650 2 4 |a Systems Theory, Control. 
700 1 |a Vilanova, Ramon.  |e editor. 
700 1 |a Visioli, Antonio.  |e editor. 
710 2 |a SpringerLink (Online service) 
773 0 |t Springer eBooks 
776 0 8 |i Printed edition:  |z 9781447124245 
830 0 |a Advances in Industrial Control,  |x 1430-9491 
856 4 0 |u http://dx.doi.org/10.1007/978-1-4471-2425-2  |z Full Text via HEAL-Link 
912 |a ZDB-2-ENG 
950 |a Engineering (Springer-11647)